[Event "AUTO-INT-793"]
[Site "http://www.queenalice.com/game.php?id=446374"]
[Date "2008.8.9"]
[Round "2"]
[White "BiraFehera"]
[Black "kako"]
[Result "1-0"]
[WhiteElo "1978"]
[BlackElo "1879"]

1. c4 e5 2. Nc3 Bc5 3. Ne4 Na6 4. e3 Be7 5. d4 d6 6. b4 c6 7. Bd2 Nf6 8. Nxf6+
Bxf6 9. d5 c5 10. b5 Nc7 11. e4 O-O 12. Ne2 Bg4 13. f3 Bd7 14. Nc3 b6 15. a4
Bh4+ 16. g3 Bf6 17. Bd3 a6 18. O-O a5 19. Ne2 Bh3 20. Rf2 Ne8 21. f4 exf4 22.
Nxf4 Bxa1 23. Qxa1 Bd7 24. e5 Bc8 25. Nh5 g6 26. Bh6 Ng7 27. Nxg7 dxe5 28. Nh5
gxh5 29. Bxf8 Qxf8 30. Qxe5 Qh6 31. Qe8+ Qf8 32. Bxh7+ Kg7 33. Qxf8+ Kxf8 34.
Bg6 Ra7 35. Bxh5 Re7 36. h4 Bb7 37. d6 Rd7 38. g4 Kg7 39. g5 Be4 40. Rd2 Kf8 41.
Bg4 Rd8 42. h5 Kg8 43. d7 Kf8 44. Kf2 Bb1 45. Ke3 Kg7 46. Kf4 Kg8 47. Ke5 Kf8
48. Kd6 Be4 49. Kc7 1-0

[Event "AUTO-INT-793"]
[Site "http://www.queenalice.com/game.php?id=446375"]
[Date "2008.8.9"]
[Round "2"]
[White "kako"]
[Black "BiraFehera"]
[Result "0-1"]
[WhiteElo "1843"]
[BlackElo "1978"]

1. d4 Nf6 2. Bf4 e6 3. Nc3 c5 4. e3 Nc6 5. Nb5 Nd5 6. Bg3 a6 7. Na3 cxd4 8. exd4
Bxa3 9. bxa3 Qa5+ 10. Qd2 Qxa3 11. Nf3 Qb2 12. Qc1 Qc3+ 13. Nd2 Nxd4 14. Bd3 Nb4
15. O-O Nxd3 16. Qd1 Nxc2 17. Rb1 Nd4 18. Nb3 Nf5 19. Nc1 Nxc1 20. Rxc1 Qa5 21.
a4 Nxg3 22. hxg3 O-O 23. Ra1 d5 24. Qd4 Bd7 25. Ra3 Rac8 26. Rb1 Rc4 27. Qd2
Qxd2 0-1

[Event "AUTO-OPEN-1025"]
[Site "http://www.queenalice.com/game.php?id=460125"]
[Date "2008.9.8"]
[Round "3"]
[White "jmsteinfeld"]
[Black "BiraFehera"]
[Result "0-1"]
[WhiteElo "1698"]
[BlackElo "1989"]

1. e4 c5 2. Bc4 Nc6 3. d3 g6 4. Nf3 Bg7 5. Nc3 e6 6. O-O Nge7 7. Bg5 f6 8. Bh4
O-O 9. a3 a6 10. d4 b5 11. Nxb5 axb5 12. Ba2 c4 13. c3 d5 14. exd5 exd5 15. b3
Bg4 16. h3 Bf5 17. bxc4 bxc4 18. Bb1 Qd6 19. Bxf5 Nxf5 20. g4 Nxh4 21. Nxh4 Rxa3
22. Rxa3 Qxa3 23. Qc1 Ra8 24. Qxa3 Rxa3 25. Rc1 Bh6 26. Rc2 Ra1+ 27. Kg2 Rc1 28.
Rxc1 Bxc1 29. Kf3 Bd2 0-1

[Event "AUTO-OPEN-1025"]
[Site "http://www.queenalice.com/game.php?id=460126"]
[Date "2008.9.8"]
[Round "3"]
[White "BiraFehera"]
[Black "jmsteinfeld"]
[Result "1-0"]
[WhiteElo "1966"]
[BlackElo "1750"]

1. c4 e5 2. Nc3 g6 3. g3 Bg7 4. Bg2 Nc6 5. e3 d6 6. Nge2 Bg4 7. f3 Be6 8. b3 Nh6
9. d4 exd4 10. exd4 O-O 11. d5 Bxc3+ 12. Nxc3 Bxd5 13. cxd5 Re8+ 14. Ne2 Nf5 15.
dxc6 bxc6 16. O-O Qf6 17. Qd2 Ne3 18. Bb2 Qe6 19. Rfe1 Nxg2 20. Kxg2 h5 21. Qh6
1-0

[Event "AUTO-OPEN-1016"]
[Site "http://www.queenalice.com/game.php?id=466545"]
[Date "2008.9.22"]
[Round "2"]
[White "BiraFehera"]
[Black "rodantero"]
[Result "0-1"]
[WhiteElo "1993"]
[BlackElo "2205"]

1. c4 e5 2. Nc3 Nf6 3. g3 c6 4. Bg2 d5 5. cxd5 cxd5 6. e3 Nc6 7. Nge2 d4 8. exd4
exd4 9. Nb5 d3 10. Nf4 Bc5 11. O-O O-O 12. b3 Bg4 13. Bf3 Bxf3 14. Qxf3 Qb6 15.
Qxd3 Rfd8 16. Qc4 Rac8 17. Nc3 Nd4 18. Na4 Qa5 19. Nxc5 Rxc5 20. Qd3 Nc2 0-1

[Event "AUTO-OPEN-1016"]
[Site "http://www.queenalice.com/game.php?id=466546"]
[Date "2008.9.22"]
[Round "2"]
[White "rodantero"]
[Black "BiraFehera"]
[Result "1-0"]
[WhiteElo "2211"]
[BlackElo "1985"]

1. e4 c5 2. d4 cxd4 3. c3 dxc3 4. Nxc3 Nc6 5. Nf3 e5 6. Bc4 Bb4 7. Ng5 Nh6 8.
O-O Bxc3 9. bxc3 d6 10. Qd2 Na5 11. Bb5+ Nc6 12. Rd1 f6 13. Nf3 Nf7 14. Ba3 O-O
15. Bc4 Na5 16. Bd5 Kh8 17. h3 Qc7 18. c4 Nxc4 19. Qc3 Bxh3 20. Qxc4 Qxc4 21.
Bxc4 Bg4 22. Bd5 Bxf3 23. gxf3 Rab8 24. Rac1 Kg8 25. Rc7 Rbd8 26. Rxb7 1-0

[Event "AUTO-OPEN-1016"]
[Site "http://www.queenalice.com/game.php?id=466547"]
[Date "2008.9.22"]
[Round "2"]
[White "BiraFehera"]
[Black "boilermaker1234"]
[Result "0-1"]
[WhiteElo "1969"]
[BlackElo "2145"]

1. c4 e5 2. Nc3 Nf6 3. g3 Nc6 4. Bg2 Bc5 5. a3 O-O 6. b4 Bd4 7. Bb2 Bxc3 8. Bxc3
d5 9. cxd5 Nxd5 10. e3 Nxc3 11. dxc3 Qf6 12. Ne2 Rd8 13. Qc2 Bf5 14. e4 Be6 15.
O-O Qh6 16. f4 Bc4 17. Rf2 a5 18. Nc1 exf4 19. Rxf4 Ne5 20. Nb3 axb4 21. cxb4 g5
22. Rf5 Ng4 0-1

[Event "AUTO-OPEN-1016"]
[Site "http://www.queenalice.com/game.php?id=466548"]
[Date "2008.9.22"]
[Round "2"]
[White "boilermaker1234"]
[Black "BiraFehera"]
[Result "1-0"]
[WhiteElo "2136"]
[BlackElo "1969"]

1. c4 e5 2. Nc3 Nf6 3. Nf3 Bc5 4. Nxe5 d6 5. Qa4+ Bd7 6. Nxd7 Qxd7 7. Qxd7+
Nbxd7 8. e3 O-O-O 9. d4 Bb4 10. f3 g5 11. Bd2 h5 12. O-O-O h4 13. a3 Bxc3 14.
Bxc3 Nh5 15. c5 dxc5 16. dxc5 Rh6 17. Bd4 f5 18. Bb5 Ndf6 19. c6 b6 20. Ba6+ Kb8
21. Bxf6 1-0